书目信息 |
| 题名: |
读画的时间
|
|
| 作者: | 徐正旭 著 ;程金萍 译 | |
| 分册: | ||
| 出版信息: | 南京 江苏凤凰科学技术出版社 2019 |
|
| 页数: | 285页 | |
| 开本: | 21cm | |
| 丛书名: | ||
| 单 册: | ||
| 中图分类: | J205.1 | |
| 科图分类: | ||
| 主题词: | 绘画--hui hua--鉴赏--世界 | |
| 电子资源: | ||
| ISBN: | 978-7-5537-9923-0 | |
| 000 | 01049nam0 2200265 450 | |
| 001 | 012001005975 | |
| 005 | 20131015085652.0 | |
| 010 | @a978-7-5537-9923-0@dCNY68.00 | |
| 099 | @aCAL 012019075171 | |
| 100 | @a20190611d2019 em y0chiy50 ea | |
| 101 | 0 | @achi |
| 102 | @aCN@b320000 | |
| 105 | @aa z 000yy | |
| 106 | @ar | |
| 200 | 1 | @a读画的时间@Adu hua de shi jian@d= Time for reading paintings to you@f(韩) 徐正旭著@g程金萍译@zeng |
| 210 | @a南京@c江苏凤凰科学技术出版社@d2019 | |
| 215 | @a285页@c彩图@d21cm | |
| 330 | @a本书收录了多位历史上著名的画家的百余幅杰作,用文字对艺术家的生平和画作的创作背景、艺术风格、情感表达等进行介绍和分析,其中不乏作者在画作中挖掘到的人生思考与生活哲学;书中还附有各个艺术家作品的收藏地,读者可以查阅以便有机会亲身实地欣赏作品。 | |
| 510 | 1 | @aTime for reading paintings to you@zeng |
| 606 | 0 | @a绘画@Ahui hua@x鉴赏@y世界 |
| 690 | @aJ205.1@v5 | |
| 701 | 0 | @a徐正旭@Axu zheng xu@4著 |
| 702 | 0 | @a程金萍@Acheng jin ping@4译 |
| 801 | 0 | @aCN@b上海新华@c20191020 |
| 905 | @b1098286-9@dJ205.1@e1034@f4 | |
| 读画的时间= Time for reading paintings to you/(韩) 徐正旭著/程金萍译.-南京:江苏凤凰科学技术出版社,2019 |
| 285页:彩图;21cm |
| ISBN 978-7-5537-9923-0:CNY68.00 |
| 本书收录了多位历史上著名的画家的百余幅杰作,用文字对艺术家的生平和画作的创作背景、艺术风格、情感表达等进行介绍和分析,其中不乏作者在画作中挖掘到的人生思考与生活哲学;书中还附有各个艺术家作品的收藏地,读者可以查阅以便有机会亲身实地欣赏作品。 |
| ● |
| 相关链接 |
|
|
|
|
正题名:读画的时间
索取号:J205.1/1034
 
预约/预借
| 序号 | 登录号 | 条形码 | 馆藏地/架位号 | 状态 | 备注 |
| 1 | 1098286 | 210982864 | 第一样本阅览室/ [索取号:J205.1/1034] | 在馆 | |
| 2 | 1098287 | 210982873 | 第一借阅区/ [索取号:J205.1/1034] | 在馆 | |
| 3 | 1098288 | 210982882 | 第一借阅区/ [索取号:J205.1/1034] | 在馆 | |
| 4 | 1098289 | 210982891 | 第一借阅区/ [索取号:J205.1/1034] | 在馆 |